Bumiputera tidak harus menjadi topeng (Record no. 152566)

MARC details
000 -LEADER
fixed length control field 00596nam a2200217 i 4500
001 - CONTROL NUMBER
control field C2-0168413
003 - CONTROL NUMBER IDENTIFIER
control field PPAK
005 - DATE AND TIME OF LATEST TRANSACTION
control field 20180728090850.0
008 - FIXED-LENGTH DATA ELEMENTS--GENERAL INFORMATION
fixed length control field 980718s xx |||| ||||| | may d
040 ## - CATALOGING SOURCE
Original cataloging agency PPAK
Language of cataloging eng
Transcribing agency PPAK
Description conventions rda
082 04 - DEWEY DECIMAL CLASSIFICATION NUMBER
Classification number 306.089992
Edition number 23
090 00 - LOCALLY ASSIGNED LC-TYPE CALL NUMBER (OCLC); LOCAL CALL NUMBER (RLIN)
Classification number (OCLC) (R) ; Classification number, CALL (RLIN) (NR) 306.089992
Feature heading BUM
Feature heading KK
100 0# - MAIN ENTRY--PERSONAL NAME
Personal name A. Kadir Jasin,
Relator term author
245 10 - TITLE STATEMENT
Title Bumiputera tidak harus menjadi topeng
300 ## - PHYSICAL DESCRIPTION
Extent 5 pages ;
Dimensions 30 cm
336 ## - CONTENT TYPE
Source rdacontent
Content type term text
337 ## - MEDIA TYPE
Source rdamedia
Media type term unmediated
338 ## - CARRIER TYPE
Source rdacarrier
Carrier type term volume
500 ## - GENERAL NOTE
General note Artikel dalam Dewan Budaya Oktober 1995
942 ## - ADDED ENTRY ELEMENTS (KOHA)
-- dc
Koha item type Book
Holdings
Withdrawn Not for loan Current library Shelving location Date acquired Full call number Barcode Date last seen Koha item type Public note
  Not For Loan Perpustakaan Alor Setar Koleksi Kedah 18/07/1998 KK 306.089992 BUM A00153159 01/06/2018 Book Artikel Pilihan
  Not For Loan Perpustakaan Alor Setar Koleksi Kedah 18/07/1998 KK 306.089992 BUM A00153160 01/06/2018 Book Artikel Pilihan